000
00326nam a2200145Ia 4500
008
231129s2001||||xx |||||||||||||| ||spa||
020
_a
9581104402
040
_b
spa
082
_a
333.72 E964
100
_a
El Exí²n encantado
245
0
_a
La Tierra es apaleada
260
_c
2001
264
_a
ICFES
942
_2
ddc
_c
BKS
999
_c
18324
_d
18324